Online katalóg knižníc regiónu Turca

Veľká kniha slovenských povestí (Record no. 22760)

MARC details
000 -LEADER
fixed length control field 01325cam a2200409 a 4500
001 - CONTROL NUMBER
control field 22760
003 - CONTROL NUMBER IDENTIFIER
control field SK-KTurca
005 - DATE AND TIME OF LATEST TRANSACTION
control field 20260423104235.0
008 - FIXED-LENGTH DATA ELEMENTS--GENERAL INFORMATION
fixed length control field 170904s2016 xo a j 000 1dslo d
015 ## - NATIONAL BIBLIOGRAPHY NUMBER
National bibliography number SNBA2017/02
020 ## - INTERNATIONAL STANDARD BOOK NUMBER
International Standard Book Number 9788081541865 (viaz.)
035 ## - SYSTEM CONTROL NUMBER
System control number a000591268
040 ## - CATALOGING SOURCE
Original cataloging agency ZKSE
Language of cataloging slo
Transcribing agency UKB
Modifying agency SNK
Description conventions AACR2
041 0# - LANGUAGE CODE
Language code of text/sound track or separate title slo
044 ## - COUNTRY OF PUBLISHING/PRODUCING ENTITY CODE
MARC country code xo
ISO country code SK
072 #7 - SUBJECT CATEGORY CODE
Subject category code 821.162.4-3
Subject category code subdivision Slovenská próza
Source konspekt
072 #7 - SUBJECT CATEGORY CODE
Subject category code 821-93
Subject category code subdivision Literatúra pre deti a mládež (beletria)
Source konspekt
080 ## - UNIVERSAL DECIMAL CLASSIFICATION NUMBER
Universal Decimal Classification number 821.162.4-34
Edition identifier 2004
080 ## - UNIVERSAL DECIMAL CLASSIFICATION NUMBER
Universal Decimal Classification number 821-93
Edition identifier 2004
080 ## - UNIVERSAL DECIMAL CLASSIFICATION NUMBER
Universal Decimal Classification number (0:82-34)
Edition identifier 2004
080 ## - UNIVERSAL DECIMAL CLASSIFICATION NUMBER
Universal Decimal Classification number (0:82-146)
Edition identifier 2004
100 1# - MAIN ENTRY--PERSONAL NAME
Personal name Kuglerová, Zuzana,
Dates associated with a name 1955-
245 10 - TITLE STATEMENT
Title Veľká kniha slovenských povestí
Name of part/section of a work (Kelti, Rimania, Slovania, Avari, Tatári, Turci)
Number of part/section of a work 1. diel
Statement of responsibility, etc. Zuzana Kuglerová ; [ilustroval Ivan Pavlisko]
246 30 - VARYING FORM OF TITLE
Title proper/short title Kelti, Rimania, Slovania, Avari, Tatári, Turci
260 ## - PUBLICATION, DISTRIBUTION, ETC.
Place of publication, distribution, etc. Žilina
Name of publisher, distributor, etc. Georg
Date of publication, distribution, etc. 2016
300 ## - PHYSICAL DESCRIPTION
Extent 110 s.
Other physical details il.
530 ## - ADDITIONAL PHYSICAL FORM AVAILABLE NOTE
Additional physical form available note Dostupný aj zvukový záznam
653 ## - INDEX TERM--UNCONTROLLED
Uncontrolled term 821.162.4-34
653 ## - INDEX TERM--UNCONTROLLED
Uncontrolled term (0:82-34)
653 ## - INDEX TERM--UNCONTROLLED
Uncontrolled term 821-93
653 ## - INDEX TERM--UNCONTROLLED
Uncontrolled term (0:82-146)
655 #7 - INDEX TERM--GENRE/FORM
Genre/form data or focus term slovenské povesti
Source of term UKBPH
655 #7 - INDEX TERM--GENRE/FORM
Genre/form data or focus term publikácie pre deti
Source of term UKBPH
700 1# - ADDED ENTRY--PERSONAL NAME
Personal name Pavlisko, Ivan
Relationship ill
776 0# - ADDITIONAL PHYSICAL FORM ENTRY
Title Veľká kniha slovenských povestí
Relationship information [zvukový záznam]
942 ## - ADDED ENTRY ELEMENTS (KOHA)
Source of classification or shelving scheme Dewey Decimal Classification
Koha item type Krásna literatúra pre deti
Suppress in OPAC No
Holdings
Stav vyradenia Strata Poškodenie Spôsob nadobudnutia Domovská knižnica Aktuálna knižnica Dátum nadobudnutia Total checkouts Čiarový kód exemplára Date last seen Typ exemplára
      Dar Obecná knižnica Belá-Dulice Obecná knižnica Belá-Dulice 23.04.2026   4735903393 23.04.2026 Krásna literatúra pre deti
Projekt je podporený Slovenskou asociáciou knižníc
Prevádzkuje Turčianska knižnica Martin 2026